000
00246nam a22001097a 4500
008
170125b xxu||||| |||| 00| 0 eng d
020
_a
0070331200
041
_a
eng
080
_2
4TH
_a
61
245
_a
CLINICAL ETHICS
_c
JONSEN, A.R
942
_2
udc
_c
BK
999
_c
3691
_d
3691